000 004430000a22001810004500
003 MACL
005 20150813164635.0
008 150813b xxu||||| |||| 00| 0 eng d
040 _aMACL
_cMACL
041 _aEnglish
082 _a4032
100 _aSahitaya Academy
_95442
245 _aThe National Register Of Translators
260 _bSahitya Academy
_c1994
_aNew Delhi
350 _a160
650 _aLanguage
_981
942 _cBK
_k403
_2ddc
999 _c3161
_d3161